000 00266nam a2200109Ia 4500
008 190914s9999||||xx |||||||||||||| ||und||
100 _aMeeta Gupta
245 0 _aStorage Area Network Fundamentals
260 _aNew york
_bPrentice
_c1995
300 _a208
942 _cBK
999 _c8764
_d8764